Necesidades esenciales en México : situación actual y perspectivas al año 2000 : salud /

שמור ב:
מידע ביבליוגרפי
מחבר תאגידי: México. Coordinación General del Plan Nacional de Zonas Deprimidas y Grupos Marginados
מחברים אחרים: Huerta, Eugenia (edición) (edición), Soler, Martí (edición) (edición)
פורמט: ספר
שפה:ספרדית
יצא לאור: México : Coordinación General del Plan Nacional de Zonas Deprimidas y Grupos Marginados, 1982, c1982
סדרה:(Economía y Demografía)
נושאים:
תגים: הוספת תג
אין תגיות, היה/י הראשונ/ה לתייג את הרשומה!

MARC

LEADER 00000nam^a2200000^a^4500
001 000183322
005 20250521000000.0
009 20260310102037.758
020 |a 968-23-1168-3 
020 |a 968-23-1208-6 
037 |a Acervo ITESO - Biblioteca 
041 |a ESP 
082 |a 320. 972  |b PLA MEX COO 1976-1982 S. 3 V. 4 
110 |a México.  |b Coordinación General del Plan Nacional de Zonas Deprimidas y Grupos Marginados 
240 1 1 |a [Necesidades esenciales en México] 
245 1 0 |a Necesidades esenciales en México :  |b situación actual y perspectivas al año 2000 : salud /  |c Coordinación General del Plan Nacional de Zonas Deprimidas y Grupos Marginados ; ed. de E. Huerta, M. Soler. 
264 4 |a México :  |b Coordinación General del Plan Nacional de Zonas Deprimidas y Grupos Marginados,  |c 1982, c1982 
300 |a 452 p. 
336 |a texto  |b txt  |2 rdacontenido 
337 |a sin mediación  |b n  |2 rdamedio 
338 |a volumen  |b nc  |2 rdasoporte 
440 1 |a (Economía y Demografía) 
649 |a XX 
650 |a Zonas Subdesarrolladas -  |z México 
650 |a Marginación -  |z México 
650 |a Pobreza -  |z México 
650 |a Salud Pública -  |z México 
650 |a Programas Gubernamentales -  |z México 
650 |a Política y Salud Pública -  |z México 
650 |a Políticas Públicas -  |z México 
650 |a Economía -  |z México -  |x Historia -  |y 1976-1982 
650 |a Política -  |z México -  |x Historia -  |y 1976-1982 
650 |a México -  |x Historia -  |y 1976-1982 
650 |a México -  |x Condiciones Económicas 
700 |a Huerta, Eugenia  |e (edición) 
700 |a Soler, Martí  |e (edición) 
910 |a Fondo Armando Suárez Gómez 
920 |a Impresos - Libros 
930 |a Fondos Especiales 
905 |a 111 
901 |a 0700003910  |b IT2  |c ESP  |u 20250521 
902 |a https://opac.biblio.iteso.mx/vufind/Record/000183322